Religion Quiz

Random Religion or Country Quiz

Religious Imagery on Flags Quiz Stats

 Plays Quiz Updated Jun 20, 2019

Support Sporcle.
Go Orange.
Score 0/20 Timer 06:00
5 Plays Today
Number Country % Correct
4Israel (Star of David)
97.3%
11Japan (Red sun symbolizes the goddess Amaterasu)
94.9%
8Turkey (Star and Crescent)
83.6%
19South Korea (Taijitu/Taegeuk/yin & yang)
81.9%
10Saudi Arabia ('There is no god but God, Muhammad is the Messenger of God')
81.9%
13Lebanon (Cedar tree referenced in Psalms 92:12)
73.5%
18India (The Wheel of Dharma)
72.3%
17Iran (Stylized composite of various Islamic elements)
71.9%
9Iraq ('Allah Akbar' ('God is Great'))
70.9%
2Greece (Eastern Orthodox Church cross)
66.4%
Number Country % Correct
3Cambodia (Angkor Wat temple)
64.1%
14Vatican City (Crossed keys of Saint Peter and the Papal Tiara)
63%
5Morocco (Seal of Solomon)
57.9%
6Cyprus (Olive branch)
56.9%
16Slovakia (Patriarchal Cross)
55.6%
20Mongolia (Soyombo symbol, includes Sun, Moon, and Yin and Yang as its elements)
51%
7Taiwan (12 sun rays represent the Chinese zodiac in Taoism)
43.3%
1Afghanistan (Shahadah and a mosque with its mihrab facing Mecca)
43.1%
12Jordan (Red triangle symbolizes Banu Hashim, Muhammad's clan)
38.4%
15Dominican Republic (St. George's Cross and a Bible)
27.3%

From the Vault

Memorable Movie Moments

by AngrySi

Movies 6m
What was this quiz about again, we totally forget.
Remove Ads.
Support Sporcle.
Get the best of Sporcle when you Go Orange. This ad-free experience offers more features, more stats, and more fun while also helping to support Sporcle. Thank you for becoming a member.

Show Comments

Extras

Top Quizzes Today


Score Distribution

Your Account Isn't Verified!

In order to create a playlist on Sporcle, you need to verify the email address you used during registration. Go to your Sporcle Settings to finish the process.

Report this User

Report this user for behavior that violates our Community Guidelines.

Details: